000 00349nam a22001217a 4500
008 230621b xxu||||| |||| 00| 0 eng d
082 _a328.06
_bIPU
100 _cIPU
245 _aSpecial Session of the Council of the Inter-Parliamentary Union
_bSummary Records of the Proceedings
260 _bIPU
_c2002
_aGeneva
300 _a111p
942 _2ddc
_cBK
999 _c2049
_d2049